000 00617nam a2200229Ia 4500
003 OSt
005 20220923230313.0
006 a|||||r|||| 00| 0
007 ta
008 Pun
024 _a279,253
037 _cTextual
040 _aARTS
_cARTS
_bPun
041 _2Pun
_aPun
082 _aO153,1NAT1x, M2
100 _aਅਟਵਾਲ, ਹਰਜੀਤ
_9156290
245 0 _aਸਰਦ ਪੈਰਾਂ ਦੀ ਉਡੀਕ
260 _c1982
650 _aਪੰਜਾਬੀ ਸਾਹਿਤ
942 _hO153,1NAT1x, M2
_cTEXL
_2CC
999 _c383796
_d383796